载入...
Developing quality complex database systems : practices, techniques, and technologies
| 主要作者: | |
|---|---|
| 格式: | Printed Book |
| 出版: |
Hershey, PA :
Idea Group Pub,
2001.
|
| LEADER | 00480nam a22001217a 4500 | ||
|---|---|---|---|
| 999 | |c 216036 |d 216036 | ||
| 020 | |a 9781878289889 | ||
| 082 | |a 005.74 |b BEC | ||
| 100 | |a Becker, Shirley A | ||
| 245 | |a Developing quality complex database systems : practices, techniques, and technologies |c Shirley A Becker | ||
| 260 | |a Hershey, PA : |b Idea Group Pub, |c 2001. | ||
| 942 | |c BK | ||
| 952 | |0 0 |1 0 |4 0 |6 005_740000000000000_BEC |7 0 |9 229973 |a DFS |b DFS |d 2019-12-10 |l 0 |o 005.74 BEC |p DFS3024 |r 2019-12-10 |w 2019-12-10 |y BK | ||